Fourth order: Neziqin = Seder Neziḳin
| Subtitles: | Seder Neziḳin |
|---|---|
| Contributors: | |
| Format: | Print Book |
| Language: | English Hebrew |
| Subito Delivery Service: | Order now. |
| Check availability: | HBZ Gateway |
| Interlibrary Loan: | Interlibrary Loan for the Fachinformationsdienste (Specialized Information Services in Germany) |
| Published: |
Berlin Boston
De Gruyter
[2008]-
|
| In: | Year: 2008 |
| Volumes / Articles: | Show volumes/articles. |
| Series/Journal: | The Jerusalem Talmud
11-13 Studia Judaica |
| Standardized Subjects / Keyword chains: | B
Talmûd yerûšalmî. Nezikin
|
| Further subjects: | B
Commentary
B Spring |
MARC
| LEADER | 00000cam a22000002ca4500 | ||
|---|---|---|---|
| 001 | 1810240549 | ||
| 003 | DE-627 | ||
| 005 | 20251226203223.0 | ||
| 007 | tu | ||
| 008 | 220714m20089999gw ||||| 00| ||eng c | ||
| 015 | |a 21,A10 |2 dnb | ||
| 016 | 7 | |a 1223051005 |2 DE-101 | |
| 035 | |a (DE-627)1810240549 | ||
| 035 | |a (DE-599)DNB1223051005 | ||
| 040 | |a DE-627 |b ger |c DE-627 |e rda | ||
| 041 | |a eng |a heb |h heb | ||
| 044 | |c XA-DE | ||
| 082 | 0 | |a 296.124407 |q DE-101 | |
| 082 | 0 | 4 | |a 290 |q DE-101 |
| 130 | 0 | |a Jerusalemer Talmud |p Nezikin |0 (DE-588)1089089163 |0 (DE-627)851001165 |0 (DE-576)459949233 | |
| 245 | 1 | 0 | |a Fourth order: Neziqin |b = Seder Neziḳin |c edition, translation, and commentary by Heinrich W. Guggenheimer |
| 246 | 1 | |i Abweichender Titel |a Seder Neziḳin | |
| 246 | 3 | 1 | |a Seder Neziḳin |
| 264 | 1 | |a Berlin |a Boston |b De Gruyter |c [2008]- | |
| 300 | |a 3 Bände |c 23 cm | ||
| 336 | |a Text |b txt |2 rdacontent | ||
| 337 | |a ohne Hilfsmittel zu benutzen |b n |2 rdamedia | ||
| 338 | |a Band |b nc |2 rdacarrier | ||
| 490 | 1 | |a The Jerusalem Talmud |v 11-13 | |
| 490 | 0 | |a Studia Judaica | |
| 546 | |a Text englisch und hebräisch | ||
| 655 | 7 | |a Kommentar |0 (DE-588)4136710-8 |0 (DE-627)104500719 |0 (DE-576)209671467 |2 gnd-content | |
| 655 | 7 | |a Quelle |0 (DE-588)4135952-5 |0 (DE-627)105661236 |0 (DE-576)209665084 |2 gnd-content | |
| 689 | 0 | 0 | |d u |0 (DE-588)1089089163 |0 (DE-627)851001165 |0 (DE-576)459949233 |a Jerusalemer Talmud |2 gnd |p Nezikin |
| 689 | 0 | |5 DE-101 | |
| 700 | 1 | |e HerausgeberIn |0 (DE-588)114374066 |0 (DE-627)485172585 |0 (DE-576)289795125 |4 edt |a Guggenheimer, Heinrich W. |d 1924-2021 | |
| 935 | |a mteo | ||
| 951 | |a MC | ||
| ELC | |b 1 | ||
| LOK | |0 000 xxxxxcx a22 zn 4500 | ||
| LOK | |0 001 4166440233 | ||
| LOK | |0 003 DE-627 | ||
| LOK | |0 004 1810240549 | ||
| LOK | |0 005 20220714231010 | ||
| LOK | |0 008 210612||||||||||||||||ger||||||| | ||
| LOK | |0 040 |a DE-Tue135 |c DE-627 |d DE-Tue135 | ||
| LOK | |0 092 |o n | ||
| LOK | |0 852 |a DE-Tue135 | ||
| LOK | |0 852 1 |9 00 | ||
| LOK | |0 935 |a ixbt | ||
| LOK | |0 939 |a 12-06-21 |b l01 | ||
| ORI | |a SA-MARC-ixtheoa001.raw | ||
| REL | |a 1 | ||
| SPR | |a 1 |t IXT |t REL | ||
| SUB | |a REL | ||
| SYG | 0 | 0 | |a Nezikin,Neziḳin,Neziqin,Seder Nezikin |